| 000 | 00838nam a2200241 a 4500 | ||
|---|---|---|---|
| 999 |
_c10765 _d10765 |
||
| 001 | 10765 | ||
| 003 | BD-JhCC | ||
| 005 | 20200219134008.0 | ||
| 008 | 180905s20162015bg a|||| |||| 000 0 ben d | ||
| 020 | _a9789848933225 | ||
| 035 | _a(BD-JhCC)10765 | ||
| 040 |
_aBD-JhCC _dBD-JhCC |
||
| 041 | _aben | ||
| 082 |
_a658.4058 _bINT 2016 |
||
| 245 |
_aআউটসোর্সিং : _bইন্টারনেটে আত্মকর্মসংস্থান / _cবিডি বুক |
||
| 260 |
_aঢাকা : _bজ্ঞানকোষ, _c২০১৬. |
||
| 300 |
_a৩৬৬ পৃ. : _bচিত্রবলী; _c২৫ সেমি. |
||
| 490 | _aবিডি বুক সিরিজ | ||
| 650 | _aInformation technology--Management | ||
| 650 | _aOutsourcing | ||
| 710 | _aবিডি বুক | ||
| 942 |
_2ddc _cBK _06 |
||